000 00274nam a2200121Ia 4500
005 20251222143130.0
008 251222s9999||||xx |||||||||||||| ||spa||
082 _a428/G43S/3
100 _aGibbon, David
245 0 _aEnglish on-line:
264 _bProjecta
942 _cLIB
999 _c11876
_d11876